CONCISE COMMENTARY ON THE BHARATIYA NYAYA SANHITA, 2023 (Record no. 216442)
[ view plain ]
| 000 -LEADER | |
|---|---|
| fixed length control field | 00486nam a22001697a 4500 |
| 008 - FIXED-LENGTH DATA ELEMENTS--GENERAL INFORMATION | |
| fixed length control field | 260109b |||||||| |||| 00| 0 eng d |
| 020 ## - INTERNATIONAL STANDARD BOOK NUMBER | |
| International Standard Book Number | 978-81-19403-42-4 |
| 100 ## - MAIN ENTRY--PERSONAL NAME | |
| Personal name | PRAKASH, ANJANA |
| 245 ## - TITLE STATEMENT | |
| Title | CONCISE COMMENTARY ON THE BHARATIYA NYAYA SANHITA, 2023 |
| 260 ## - PUBLICATION, DISTRIBUTION, ETC. | |
| Place of publication, distribution, etc. | HARYANA |
| Name of publisher, distributor, etc. | LEXISNEXIS |
| Date of publication, distribution, etc. | 2024 |
| 300 ## - PHYSICAL DESCRIPTION | |
| Extent | CIX, 231P. |
| 500 ## - GENERAL NOTE | |
| General note | INCLUDES INDEX |
| 650 ## - SUBJECT ADDED ENTRY | |
| Topical term or geographic name entry element | 1. CRIMINAL PROCEDURE 2. CRIMINAL LAW |
| 700 ## - ADDED ENTRY--PERSONAL NAME | |
| Personal name | PRAKAASH, ANUJ |
| 942 ## - ADDED ENTRY ELEMENTS (KOHA) | |
| Source of classification or shelving scheme | Library of Congress Classification |
| Koha item type | Long Loan Book |
| Withdrawn status | Lost status | Source of classification or shelving scheme | Damaged status | Not for loan | Collection | Home library | Current library | Shelving location | Date acquired | Inventory number | Total checkouts | Full call number | Barcode | Date last seen | Copy number | Price effective from | Koha item type |
|---|---|---|---|---|---|---|---|---|---|---|---|---|---|---|---|---|---|
| Library of Congress Classification | Law | Kisii University Library | Kisii University Library | On Display | 01/09/2026 | 110863 | KNC 856 .P73 2024 | 000000019066 | 01/09/2026 | C.4 | 01/09/2026 | Long Loan Book | |||||
| Library of Congress Classification | Law | Kisii University Library | Kisii University Library | On Display | 01/09/2026 | 110860 | KNC 856 .P73 2024 | 000000019064 | 01/09/2026 | C.1 | 01/09/2026 | Long Loan Book | |||||
| Library of Congress Classification | Law | Kisii University Library | Kisii University Library | On Display | 01/09/2026 | 110861 | KNC 856 .P73 2024 | 000000019063 | 01/09/2026 | C.2 | 01/09/2026 | Long Loan Book | |||||
| Library of Congress Classification | Law | Kisii University Library | Kisii University Library | On Display | 01/09/2026 | 110862 | KNC 856 .P73 2024 | 000000019065 | 01/09/2026 | C.3 | 01/09/2026 | Long Loan Book |